Wave to Earth Songs - Statistics

General Stats
  • This quiz has been taken 703 times
    632 since last reset
  • The average score is 27 of 36
Answer Stats
Album Track # Answer % Correct
summer flows 0.02 - EP 3 seasons
94%
0.1 flaws and all. 8 love.
92%
play with earth! 0.03 3 annie.
89%
0.1 flaws and all. 1 bad
88%
Wave 0.01 - EP 3 Wave
88%
singles & others 3 Wave
88%
singles & others 2 Light
85%
0.1 flaws and all. 3 peach eyes
85%
Wave 0.01 - EP 4 Light
84%
Wave 0.01 - EP 2 Bonfire
83%
0.1 flaws and all. 9 homesick
83%
0.1 flaws and all. 6 pink
83%
play with earth! 0.03 2 play with earth!
81%
play with earth! 0.03 7 holyland.
77%
play with earth! 0.03 4 pueblo - remastered 2024
76%
summer flows 0.02 - EP 5 surf.
76%
singles & others 4 daisy.
75%
play with earth! 0.03 5 beck.
74%
0.1 flaws and all. 7 calla
73%
0.1 flaws and all. 13 nouvelle vague
73%
summer flows 0.02 - EP 4 ocean floor
73%
Wave 0.01 - EP 6 Purple Lake
73%
0.1 flaws and all. 2 sunny days
73%
play with earth! 0.03 1 are you bored?
71%
Wave 0.01 - EP 1 Gold
70%
summer flows 0.02 - EP 2 ride
70%
Wave 0.01 - EP 5 Bird
69%
0.1 flaws and all. 5 pink horizon
69%
play with earth! 0.03 6 slowdive.
69%
summer flows 0.02 - EP 1 summer flows
69%
0.1 flaws and all. 12 akira
68%
0.1 flaws and all. 4 evening glow
67%
0.1 flaws and all. 10 dried flower
65%
0.1 flaws and all. 14 so real
64%
0.1 flaws and all. 11 sunburn
63%
singles & others 1 To us (feat. wave to earth & WAVY)
46%
No matching quizzes found
Score Distribution
Percent of People with Each Score
Percentile by Number Answered
Your Score History
You have not taken this quiz since the last reset